000 00500nam a2200193Ia 4500
008 210210b1999 xxu||||| |||| 00| 0 eng d
020 _a8121919029
041 _aeng
082 _a322.4203 INTE
100 _aINTERNATIONAL ENCYCLOPEDIA
245 _aInternational encyclopedia of terrorism
260 _aNew Delhi
_bS. Chand & Co. Ltd.
_c1999
300 _a805
650 _aterrorism
650 _aInternational
650 _aencyclopedia
690 _aRelation of State
906 _a072286
999 _c122115
_d122115